000 00311nam a2200121Ia 4500
008 220120s9999||||xx |||||||||||||| ||und||
020 _a9789382665878
082 _a621.382 5 BAS
100 _aBhasker, J
245 0 _aVHDL Synthesis prime
260 _aPearson education asia
_bNew Delhi
300 _a208p.
_b175
999 _c136328
_d136328